All Countries by vowel (with spaces) - Statistics

General Stats
  • This quiz has been taken 20 times
    15 since last reset
  • The average score is 74 of 196
Answer Stats
Hint Answer % Correct
I_A_ Iran
100%
I_A_ Iraq
100%
_A_A_A Panama
100%
_A_A_A Canada
86%
_A_A_ Japan
86%
A_ _E_IA Armenia
71%
AU_ _ _IA Austria
71%
E_UA_O_IA_ _UI_EA Equatorial Guinea
71%
E_ _IO_IA Ethiopia
71%
_I_I Fiji
71%
I_ _IA India
71%
I_A_Y Italy
71%
_AU_U Nauru
71%
O_A_ Oman
71%
_A_A_UAY Paraguay
71%
_O_O Togo
71%
U_I_E_ _I_ _ _O_ United Kingdom
71%
U_U_UAY Uruguay
71%
A_ _E_IA Algeria
57%
_E_I_E Belize
57%
_O_I_IA Bolivia
57%
_U_U_ _I Burundi
57%
A_ _A_IA Albania
57%
AU_ _ _A_IA Australia
57%
A_E_ _AI_A_ Azerbaijan
57%
_U_A Cuba
57%
_I_YA Libya
57%
_Y_IA Syria
57%
EA_ _ _I_O_ East Timor
57%
E_Y_ _ Egypt
57%
E_ _O_IA Estonia
57%
_A_O_ Gabon
57%
_UI_EA_I_ _AU Guinea-Bissau
57%
_AI_I Haiti
57%
I_E_A_ _ Iceland
57%
I_E_A_ _ Ireland
57%
I_O_Y_OA_ _ Ivory Coast
57%
_Y_ _Y_ _ _A_ Kyrgyzstan
57%
_AO_ Laos
57%
_AU_I_IU_ Mauritius
57%
_O_ _O_IA Mongolia
57%
_O_ _AY Norway
57%
_E_U Peru
57%
_AO _O_E_ _I_ _I_E Sao Tome and Principe
57%
_EY_ _E_ _E_ Seychelles
57%
_O_A_IA Somalia
57%
_OU_ _ _O_EA South Korea
57%
_O_ _A Tonga
57%
U_I_E_A_A_E_I_A_E_ United Arab Emirates
57%
A_ _ _A_I_ _A_ Afghanistan
43%
_E_ _IU_ Belgium
43%
_E_I_ Benin
43%
_ _U_EI Brunei
43%
_A_E_OO_ Cameroon
43%
_ _A_ Chad
43%
_ _I_A China
43%
_O_O_ _IA Colombia
43%
_O_O_O_ Comoros
43%
_ _OA_IA Croatia
43%
_Y_ _U_ Cyprus
43%
A_ _O_ _A Andorra
43%
A_ _O_A Angola
43%
A_ _I_UA_A_ _U_A Antigua and Barbuda
43%
A_ _E_ _I_A Argentina
43%
_EO_ _IA Georgia
43%
_ _EE_E Greece
43%
_ _I_OU_I Djibouti
43%
E_UA_O_ Ecuador
43%
E_ _A_ _A_O_ El Salvador
43%
E_I_ _EA Eritrea
43%
E_ _A_I_I Eswatini
43%
_A_ _IA Gambia
43%
_UA_E_A_A Guatemala
43%
_UI_EA Guinea
43%
I_ _O_E_IA Indonesia
43%
I_ _AE_ Israel
43%
_I_I_A_I Kiribati
43%
_A_ _IA Latvia
43%
_E_A_O_ Lebanon
43%
_E_O_ _O Lesotho
43%
_I_E_IA Liberia
43%
_A_A_I Malawi
43%
_A_AY_IA Malaysia
43%
_A_I Mali
43%
_A_ _A Malta
43%
_AU_I_A_IA Mauritania
43%
_E_I_O Mexico
43%
_O_A_O Monaco
43%
_O_A_ _I_UE Mozambique
43%
_Y_ _ _A_ Myanmar
43%
_E_A_ Nepal
43%
_I_A_A_UA Nicaragua
43%
_I_E_IA Nigeria
43%
_A_AU Palau
43%
_A_UA_E_ _UI_EA Papua New Guinea
43%
_A_A_ Qatar
43%
_AI_ _ _I_ _E_ _ _ _E_A_I_E_ Saint Vincent and the Grenadines
43%
_A_OA Samoa
43%
_AU_IA_A_IA Saudi Arabia
43%
_O_O_O_I_ _A_ _ _ Solomon Islands
43%
_OU_ _ _U_A_ South Sudan
43%
_U_A_U Tuvalu
43%
U_A_ _A Uganda
43%
U_ _AI_E Ukraine
43%
U_I_E_ _ _A_E_ United States
43%
U_ _E_I_ _A_ Uzbekistan
43%
_E_E_UE_A Venezuela
43%
_E_E_ Yemen
43%
_A_ _IA Zambia
43%
_O_ _IA_E_ _E_O_I_A Bosnia and Herzegovina
29%
_U_ _A_IA Bulgaria
29%
_A_ _O_IA Cambodia
29%
_E_ _ _A_A_ _I_A_ _E_U_ _I_ Central African Republic
29%
_ _I_E Chile
29%
_E_O_ _A_I_ _E_U_ _I_ _O_ _O Democratic Republic of the Congo
29%
_E_ _A_ _ Denmark
29%
_A_A_A_ Bahamas
29%
_E_A_U_ Belarus
29%
_ _E_E_ Sweden
29%
_ _A_A Ghana
29%
_U_A_A Guyana
29%
_A_AI_A Jamaica
29%
_O_ _A_ Jordan
29%
_O_O_O Kosovo
29%
_U_AI_ Kuwait
29%
_IE_ _ _E_ _ _EI_ Liechtenstein
29%
_I_ _UA_IA Lithuania
29%
_U_E_ _OU_ _ Luxembourg
29%
_A_A_A_ _A_ Madagascar
29%
_O_ _ _ _O_EA North Korea
29%
_O_ _ _ _A_E_O_IA North Macedonia
29%
_O_A_ _ Poland
29%
_E_U_ _I_ _O_ _O Republic of the Congo
29%
_O_A_IA Romania
29%
_U_ _IA Russia
29%
_AI_ _ _I_ _ _ _E_I_ Saint Kitts and Nevis
29%
_AI_ _ _U_IA Saint Lucia
29%
_E_E_A_ Senegal
29%
_E_ _IA Serbia
29%
_IE_ _A_EO_E Sierra Leone
29%
_I_ _A_O_E Singapore
29%
_ _O_A_IA Slovakia
29%
_ _O_E_IA Slovenia
29%
_OU_ _A_ _I_A South Africa
29%
_ _AI_ Spain
29%
_U_A_ Sudan
29%
_U_I_A_E Suriname
29%
_AI_A_ Taiwan
29%
_A_ _A_IA Tanzania
29%
_ _AI_A_ _ Thailand
29%
_ _I_I_A_ _O_A_O Trinidad and Tobago
29%
_U_I_IA Tunisia
29%
_U_ _ EY Turkey
29%
_IE_ _A_ Vietnam
29%
_A_ _AI_ Bahrain
14%
_O_ _ _A_A Botswana
14%
_U_ _I_A_A_O Burkina Faso
14%
_ _E_ _ _E_U_ _I_ Czech Republic
14%
_ _U_A_ Bhutan
14%
_E_ _A_Y Germany
14%
_O_I_I_A Dominica
14%
_O_I_I_A_ _E_U_ _I_ Dominican Republic
14%
_I_ _A_ _ Finland
14%
_ _A_ _E France
14%
_ _E_A_A Grenada
14%
_O_ _U_A_ Honduras
14%
_U_ _A_Y Hungary
14%
_E_ _A Kenya
14%
_A_ _ _A_ _I_ _A_ _ _ Marshall Islands
14%
_I_ _O_E_IA Micronesia
14%
_O_ _O_A Moldova
14%
_O_ _E_E_ _O Montenegro
14%
_O_O_ _O Morocco
14%
_E_ _E_ _A_ _ _ Netherlands
14%
_I_E_ Niger
14%
_ _I_I_ _I_E_ Philippines
14%
_ _A_ _A Rwanda
14%
_A_ _A_I_O San Marino
14%
_A_I_I_ _A_ Tajikistan
14%
_U_ _ _E_I_ _A_ Turkmenistan
14%
_A_UA_U Vanuatu
14%
_A_I_A_ _I_Y Vatican City
14%
_A_ _ _A_E_ _ Bangladesh
0%
_A_ _A_O_ Barbados
0%
_ _A_I_ Brazil
0%
_A_E_E_ _E Cape Verde
0%
_O_ _A_I_A Costa Rica
0%
_A_A_ _ _ _A_ Kazakhstan
0%
_A_ _I_E_ Maldives
0%
_A_I_IA Namibia
0%
_E_ _EA_A_ _ New Zealand
0%
_A_I_ _A_ Pakistan
0%
_O_ _U_A_ Portugal
0%
_ _I_A_ _A Sri Lanka
0%
_ _I_ _E_ _A_ _ Switzerland
0%
_I_ _A_ _E Zimbabwe
0%
No matching quizzes found
Score Distribution
Percent of People with Each Score
Percentile by Number Answered
Your Score History
You have not taken this quiz since the last reset